| 000 | 00596nam a2200229Ia 4500 | ||
|---|---|---|---|
| 003 | OSt | ||
| 005 | 20230516124420.0 | ||
| 008 | 210423s2009 xx 000 0 und d | ||
| 020 | _a9780854041251 | ||
| 040 | _cAL | ||
| 041 | _aeng | ||
| 082 |
_a574.88 _223 _bWALJ |
||
| 100 |
_aWALKER (John M);RAPLY (Ralph) _9105189 |
||
| 245 | _aMolecular biology and biotechnology | ||
| 250 | _a5 | ||
| 260 |
_aUK _bRSC Publishing _c2009 |
||
| 300 |
_axix,604 _bHB |
||
| 365 |
_b3881 _cINR |
||
| 650 |
_aMolecular Biology _9105190 |
||
| 906 | _abiology ; biotechnology. ; Molecular | ||
| 942 |
_2ddc _cBK |
||
| 999 |
_c164481 _d164481 |
||